000 00800nam a2200253Ia 4500
003 OSt
005 20220923220000.0
006 a|||||r|||| 00| 0
007 ta
008 220922b |||||||| |||| 00| 0 hin d
024 _a183,334
037 _cTextual
040 _aARTS
_cARTS
_bhin
041 _2hin
_ahin
082 _aO152,1N196x, K9
100 _aउनियाल, मनोहर लाल
245 0 _aमुटठी और धूल
246 _aMuṭaṭhī aur dhūla
260 _aदेहरादून
_b साधना सदन
_c1969
300 _a72पृ.
_ccm.
650 _aहिन्दी साहित्य
_9156264
942 _hO152,1N196x, K9
_cTEXL
_2CC
999 _c336670
_d336670